Quel animal ne vit pas ici? - Statistiques

Statistiques générales
  • Ce quiz a été pris 2 372 fois
  • Le résultat moyen est 8 sur 20
Statistiques - réponses
Question Réponse % Correct
Quel animal ne vit pas en Afrique?
77%
Quel animal ne vit pas en Amazonie?
69%
Quel animal ne vit pas dans l'océan?
67%
Quel animal ne vit pas à une altitude moyenne d'au moins 1000 mètres?
65%
Quel animal ne vit pas dans la mer Méditerranée?
58%
Quel animal ne vit pas en France?
55%
Quel animal ne vit pas en Europe?
55%
Quel animal ne vit plus aujourd'hui?
55%
Quel animal ne vit pas majoritairement sous la terre?
50%
Sans compter l'Antarctique, quel animal ne vit pas sur chacun des continents?
39%
Quel animal ne vit pas en Indonésie?
38%
Quel animal ne vit pas au Canada?
34%
Quel animal ne vit pas en Australie?
30%
Quel animal ne vit pas au nord de l'équateur?
25%
Quel animal ne vit pas à Madagascar?
19%
Quel animal ne vit pas dans un seul pays?
16%
Quel animal ne vit pas dans le Sahara?
15%
Quel animal ne vit pas jusqu'à une profondeur d'au moins 4000 mètres?
13%
Quel animal ne vit pas en Antarctique?
12%
Quel animal ne vit pas dans l’Himalaya?
12%
Aucun quiz correspondant
Distribution des résultats
% des personnes avec chaque résultat
Percentile par nombre de réponses
Votre historique - résultats
Vous n’avez pas pris ce quiz